Thankless Grab Bag Quiz Stats

 Plays Quiz Updated Nov 21, 2018

Support Sporcle.
Go Orange.
Score 0/75 Timer 10:00
0 Plays Today
Hint Answer % Correct
Geography: U.S. StatesUtah
97.5%
Geography: U.S. StatesOklahoma
93.9%
Geography: U.S. StatesTexas
93.6%
Geography: U.S. StatesNebraska
92%
Entertainment: Broadway ShowsWicked
91.8%
Science: PlanetsUranus
91.3%
Science: PlanetsNeptune
90.7%
Science: PlanetsEarth
90.4%
Just For Fun: Chess PiecesQueen
89.9%
Sports: Famous GolfersTiger Woods
89.3%
Just For Fun: Chess PiecesRook
89.2%
History: Countries Not Invaded By BritainSweden
89%
Just For Fun: Chess PiecesPawn
88.8%
Just For Fun: Chess PiecesBishop
88.4%
Language: Spanish ColorsVerde
87.8%
Just For Fun: Chess PiecesKing
86.9%
Religion: 7 Deadly SinsLust
86.9%
Science: PlanetsVenus
86.7%
Language: Spanish ColorsBlanco
86.6%
Religion: 7 Deadly SinsEnvy
86.2%
History: Countries Not Invaded By BritainBolivia
85.9%
Science: PlanetsSaturn
85.1%
Sports: Famous GolfersArnold Palmer
85%
Entertainment: Broadway ShowsLes Misérables
83.7%
Music: Beatles SongsYesterday
83.6%
Music: Beatles SongsLet It Be
82.9%
Miscellaneous: Sporcle Quiz TypesMultiple Choice
82.1%
Religion: 7 Deadly SinsWrath
82.1%
History: Countries Not Invaded By BritainChad
81.6%
Miscellaneous: Sporcle Quiz TypesMap
81.2%
Religion: 7 Deadly SinsGluttony
80.8%
History: Countries Not Invaded By BritainMonaco
79.1%
Movies: Tom Hanks MoviesThe Green Mile
79%
Holiday: 12 Days of Christmas GiftsTurtle Doves
78.4%
Movies: Tom Hanks MoviesPhiladelphia
78.2%
Movies: Tom Hanks MoviesBig
77.7%
Movies: Tom Hanks MoviesToy Story
76.8%
Entertainment: Broadway ShowsRent
75%
Hint Answer % Correct
Religion: 7 Deadly SinsSloth
74%
Movies: Tom Hanks MoviesCast Away
73.7%
Literature: Steinbeck NovelsThe Pearl
73.3%
Holiday: 12 Days of Christmas GiftsFrench Hens
73.1%
Miscellaneous: Sporcle Quiz TypesClickable
70.3%
Literature: Steinbeck NovelsEast of Eden
70.2%
Holiday: 12 Days of Christmas GiftsMaids
69.7%
Literature: Steinbeck NovelsThe Red Pony
69.3%
Geography: U.S. StatesNevada
67.8%
Music: Beatles SongsCome Together
66.5%
History: Countries Not Invaded By BritainKyrgyzstan
64.7%
Holiday: 12 Days of Christmas GiftsLadies
64.7%
Holiday: 12 Days of Christmas GiftsSwans
63.2%
Miscellaneous: Sporcle Quiz TypesClassic
62.3%
Sports: Famous GolfersJack Nicklaus
58.9%
Music: Beatles SongsHelter Skelter
54%
Literature: Steinbeck NovelsCannery Row
53.2%
Television: Game of Thrones SurnamesLannister
52.9%
Music: Beatles SongsGirl
52.8%
Language: Spanish ColorsMarrón
48.1%
Entertainment: Broadway ShowsChicago
46.8%
Gaming: Mario EnemiesKoopa Troopa
46.7%
Sports: Famous GolfersLee Trevino
43.4%
Television: Game of Thrones SurnamesStark
36.4%
Sports: Famous GolfersBen Hogan
33.8%
Television: Game of Thrones SurnamesBaratheon
31.8%
Entertainment: Broadway ShowsKinky Boots
31.1%
Television: Game of Thrones SurnamesMartell
30.2%
Language: Spanish ColorsRosado
29.2%
Miscellaneous: Sporcle Quiz TypesSlideshow
26.3%
Television: Game of Thrones SurnamesTargaryen
23%
Gaming: Mario EnemiesThwomp
22.4%
Language: Spanish ColorsAnaranjado
21.9%
Gaming: Mario EnemiesWart
18.8%
Literature: Steinbeck NovelsTortilla Flat
17.9%
Gaming: Mario EnemiesChain Chomp
17.3%
Gaming: Mario EnemiesLakitu
11.2%

From the Vault

'N' & 'O' Names by 3 Surnames

by lolshortee

We've got you covered from Natalie to Owen, and everywhere in between.
Remove Ads.
Support Sporcle.
Get the best of Sporcle when you Go Orange. This ad-free experience offers more features, more stats, and more fun while also helping to support Sporcle. Thank you for becoming a member.

Show Comments

Extras

Top Quizzes Today


Score Distribution

Your Account Isn't Verified!

In order to create a playlist on Sporcle, you need to verify the email address you used during registration. Go to your Sporcle Settings to finish the process.

Report this User

Report this user for behavior that violates our Community Guidelines.

Details: